[Event "Madrid-ch 2008 Semifinal A"]
[Site "Madrid ESP"]
[Date "2008.01.09"]
[Round "3.8"]
[White "Ortega Morales, Pedro"]
[Black "Cortes Jurado, Rafael"]
[Result "0-1"]
[WhiteElo "1939"]
[BlackElo "2039"]
[PlyCount "124"]
[EventDate "2008.01.07"]
[EventType "swiss"]
[EventRounds "9"]
[EventCountry "ESP"]
[Source "lmi"]
[SourceDate "2008.01.07"]

1. d4 Nf6 2. Bf4 g6 3. e3 Bg7 4. Nf3 d6 5. Be2 O-O 6. h3 Nbd7 7. O-O Qe8 8. c4
e5 9. Bh2 Ne4 10. dxe5 dxe5 11. Nbd2 Nd6 12. b4 f5 13. Qb3 Qe7 14. c5+ Nf7 15.
Rad1 Nf6 16. Nxe5 Be6 17. Bc4 Bxc4 18. Qxc4 Kh8 19. Ndf3 Nd8 20. Qh4 Kg8 21.
Rd7 Qe6 22. Rd2 Ne4 23. Rd4 Bf6 24. Qh6 Nf7 25. Nxf7 Rxf7 26. Rd3 Qxa2 27. Be5
Qe6 28. Bxf6 Qxf6 29. Qf4 Re7 30. h4 a5 31. Ra3 a4 32. Rfa1 Qb2 33. Ng5 Nxg5
34. hxg5 b5 35. cxb6 cxb6 36. Qd6 Rea7 37. Qxb6 Qe5 38. Qc6 Kg7 39. Rxa4 Qxa1+
40. Rxa1 Rxa1+ 41. Kh2 R1a7 42. b5 Rb8 43. Qf6+ Kg8 44. Qe6+ Rf7 45. b6 Rbb7
46. Kg3 Rbe7 47. Qc6 Kg7 48. f3 Rxe3 49. b7 Rb3 50. Qc3+ Rxc3 51. b8=Q Rfc7 52.
Qe8 R3c5 53. Qe3 Rd5 54. Qa3 Rcd7 55. Qa1+ Rd4 56. Kf2 f4 57. g3 fxg3+ 58. Kxg3
Kf7 59. Qa2+ R4d5 60. f4 Ke7 61. Qa3+ Ke6 62. Qb3 Kf5 0-1

[Event "Madrid-ch 2008 Semifinal A"]
[Site "Madrid ESP"]
[Date "2008.01.09"]
[Round "3.9"]
[White "Lopez Heras, Arturo"]
[Black "Perez Cameselle, Francisco Jose"]
[Result "1-0"]
[WhiteElo "2040"]
[BlackElo "1993"]
[PlyCount "67"]
[EventDate "2008.01.07"]
[EventType "swiss"]
[EventRounds "9"]
[EventCountry "ESP"]
[Source "lmi"]
[SourceDate "2008.01.07"]

1. e4 c5 2. Nf3 d6 3. d4 cxd4 4. Nxd4 Nf6 5. Nc3 g6 6. Be2 Bg7 7. g4 Nc6 8.
Nxc6 bxc6 9. g5 Nd7 10. Be3 Qa5 11. Bd4 Bxd4 12. Qxd4 O-O 13. h4 Ba6 14. Bxa6
Qxa6 15. h5 Qb6 16. O-O-O Qxd4 17. Rxd4 f6 18. hxg6 hxg6 19. gxf6 Rxf6 20. Rh2
Ne5 21. Rg2 Rb8 22. Rd1 Rbf8 23. Rf1 Rf4 24. b3 Kg7 25. Ne2 Rxe4 26. f4 Re3 27.
Rfg1 Rxe2 28. Rxe2 Rxf4 29. Re3 Rf2 30. Rh3 a5 31. Rgh1 a4 32. Rh8 axb3 33.
R1h7+ Kf6 34. Rf8+ 1-0

[Event "Madrid-ch 2008 Semifinal A"]
[Site "Madrid ESP"]
[Date "2008.01.14"]
[Round "4.1"]
[White "Ballesteros Gonzalez, David"]
[Black "Tamayo Romay, Francisco Javier"]
[Result "1-0"]
[WhiteElo "2285"]
[BlackElo "2240"]
[PlyCount "99"]
[EventDate "2008.01.07"]
[EventType "swiss"]
[EventRounds "9"]
[EventCountry "ESP"]
[Source "lmi"]
[SourceDate "2008.01.07"]

1. d4 f5 2. c4 Nf6 3. Nc3 g6 4. g3 Bg7 5. Bg2 O-O 6. Nf3 d6 7. O-O Qe8 8. d5
Na6 9. Be3 h6 10. h3 c6 11. Nd4 Bd7 12. Rb1 Rc8 13. Ne6 Bxe6 14. dxe6 Nc7 15.
Qb3 Nxe6 16. Qxb7 Rc7 17. Qa6 f4 18. Bxf4 Nxf4 19. gxf4 Nh5 20. e3 e5 21. fxe5
Bxe5 22. Rbe1 g5 23. Qa4 Qc8 24. Qd1 Qe8 25. Ne4 Qg6 26. Bf3 Nf6 27. Nxf6+ Qxf6
28. Bxc6 Bxb2 29. Bd5+ Kh8 30. Qg4 Rh7 31. Qe6 Qxe6 32. Bxe6 Re7 33. Bd5 Ba3
34. Rb1 Bc5 35. Rb3 Kg7 36. Kg2 h5 37. Rfb1 Bb6 38. Rb5 Kf6 39. a4 Rc8 40. a5
Bd8 41. a6 Bb6 42. Rxb6 axb6 43. Rxb6 Ra7 44. Rxd6+ Kg7 45. e4 Rac7 46. Bb7 Rf8
47. Bd5 Rfc8 48. Rb6 Ra7 49. Rb7+ Rxb7 50. Bxb7 1-0

[Event "Madrid-ch 2008 Semifinal A"]
[Site "Madrid ESP"]
[Date "2008.01.14"]
[Round "4.2"]
[White "Alvarez Abejon, Amilcar"]
[Black "De la Fuente Gonzalez, Francisco"]
[Result "0-1"]
[WhiteElo "2080"]
[BlackElo "2226"]
[PlyCount "102"]
[EventDate "2008.01.07"]
[EventType "swiss"]
[EventRounds "9"]
[EventCountry "ESP"]
[Source "lmi"]
[SourceDate "2008.01.07"]

1. d4 d5 2. c4 c6 3. Nf3 Nf6 4. e3 Bf5 5. cxd5 cxd5 6. Qb3 Qc7 7. Bd2 e6 8.
Bb5+ Nc6 9. O-O Bd6 10. Bb4 O-O 11. Bxc6 bxc6 12. Nbd2 Rab8 13. Bxd6 Qxd6 14.
Qc3 Rfc8 15. Rfc1 Nd7 16. Nb3 Bg4 17. Ne5 Nxe5 18. dxe5 Qe7 19. Qd4 Rb4 20. Qc5
Kf8 21. Rc3 Be2 22. h3 Qxc5 23. Rxc5 Bc4 24. Rc1 Bxb3 25. axb3 Rb6 26. Kf1 f6
27. exf6 gxf6 28. Ke2 Ke7 29. R1c3 Kd6 30. Kd2 e5 31. Kc2 h5 32. h4 Rg8 33. g3
Rg4 34. Ra5 a6 35. Ra4 f5 36. Rxg4 fxg4 37. Kd3 e4+ 38. Ke2 c5 39. Ke1 a5 40.
Kf1 Rb4 41. Ke1 d4 42. exd4 cxd4 43. Rc8 Rxb3 44. Rd8+ Kc5 45. Rh8 Rxb2 46.
Rxh5+ Kb4 47. Rd5 d3 48. h5 a4 49. h6 a3 50. Rd4+ Kc3 51. h7 Rb1# 0-1

[Event "Madrid-ch 2008 Semifinal A"]
[Site "Madrid ESP"]
[Date "2008.01.14"]
[Round "4.3"]
[White "Lorenzo Bailador, Alfredo"]
[Black "Nuñez Munoz, Jesus"]
[Result "0-1"]
[WhiteElo "2060"]
[BlackElo "2223"]
[PlyCount "90"]
[EventDate "2008.01.07"]
[EventType "swiss"]
[EventRounds "9"]
[EventCountry "ESP"]
[Source "lmi"]
[SourceDate "2008.01.07"]

1. e4 c5 2. c3 Nf6 3. e5 Nd5 4. d4 cxd4 5. Nf3 Nc6 6. Bc4 Nb6 7. Bb3 d5 8. exd6
Qxd6 9. O-O Be6 10. Bxe6 Qxe6 11. Nxd4 Nxd4 12. Qxd4 Rd8 13. Qh4 Qe2 14. Nd2 e6
15. Qg3 h5 16. Nf3 h4 17. Qc7 Be7 18. Bg5 Bxg5 19. Nxg5 O-O 20. Qf4 Qh5 21. h3
Rd3 22. Nf3 Rfd8 23. Qxh4 Qxh4 24. Nxh4 Na4 25. Rab1 Rd2 26. Nf3 Rxb2 27. Rxb2
Nxb2 28. Rb1 Rd1+ 29. Rxd1 Nxd1 30. c4 Nb2 31. Nd2 Kf8 32. c5 Na4 33. c6 bxc6
34. Kf1 Ke7 35. Nc4 Nb6 36. Ne5 c5 37. Nc6+ Kd6 38. Nxa7 c4 39. Ke2 Kc5 40. a3
Nd5 41. Kd2 Nf4 42. a4 Kb4 43. Nb5 Kxa4 44. Nd6 Kb3 45. g3 c3+ 0-1

[Event "Madrid-ch 2008 Semifinal A"]
[Site "Madrid ESP"]
[Date "2008.01.14"]
[Round "4.5"]
[White "Ruiz Quevedo, Andres"]
[Black "Martin Martin, Luis Vicente"]
[Result "0-1"]
[WhiteElo "1894"]
[BlackElo "2093"]
[PlyCount "72"]
[EventDate "2008.01.07"]
[EventType "swiss"]
[EventRounds "9"]
[EventCountry "ESP"]
[Source "lmi"]
[SourceDate "2008.01.07"]

1. b3 e5 2. Bb2 Nc6 3. c4 Nf6 4. e3 d5 5. cxd5 Nxd5 6. a3 Bd6 7. Qc2 Qe7 8. d3
O-O 9. Nf3 f5 10. Nbd2 Kh8 11. Be2 Bd7 12. O-O Rae8 13. Nc4 Rf6 14. d4 exd4 15.
Nxd6 Qxd6 16. Nxd4 Nxd4 17. Bxd4 Rh6 18. g3 Qe6 19. Bf3 Bc6 20. Qb2 Rg8 21.
Rfe1 Nb4 22. Bxc6 Nxc6 23. Rad1 Qf7 24. Bc3 Qh5 25. h4 Rg6 26. Rd7 Nd8 27. Red1
Ne6 28. Re7 Qxd1+ 29. Kh2 Qd6 30. Rf7 Rg4 31. Be5 Qd3 32. Re7 Qd5 33. Rf7 Qd3
34. Re7 Rg6 35. b4 Qd8 36. Rf7 Rf8 0-1

[Event "Madrid-ch 2008 Semifinal A"]
[Site "Madrid ESP"]
[Date "2008.01.14"]
[Round "4.6"]
[White "Cortes Jurado, Rafael"]
[Black "Martin Mazuelo, Miguel Angel"]
[Result "0-1"]
[WhiteElo "2039"]
[BlackElo "1987"]
[PlyCount "76"]
[EventDate "2008.01.07"]
[EventType "swiss"]
[EventRounds "9"]
[EventCountry "ESP"]
[Source "lmi"]
[SourceDate "2008.01.07"]

1. e4 c5 2. Nf3 d6 3. d4 cxd4 4. Nxd4 Nf6 5. Nc3 a6 6. f4 e5 7. Nf3 Qc7 8. Bd3
Be7 9. O-O Nc6 10. Kh1 b5 11. Qe1 Bb7 12. a4 b4 13. Nd5 Qa5 14. Nxe7 Kxe7 15.
fxe5 dxe5 16. Nh4 Kd7 17. Bg5 Raf8 18. Bxf6 gxf6 19. Rxf6 Rhg8 20. Qf2 Nd8 21.
Qf5+ Kc7 22. Nf3 Bc8 23. Qxe5+ Qxe5 24. Nxe5 Rg5 25. Nf3 Rg6 26. Rxg6 fxg6 27.
Kg1 Ne6 28. Bc4 Nc5 29. e5 Rd8 30. Kf2 Bf5 31. Ne1 a5 32. Ke3 Re8 33. Kd4 Kb6
34. Nd3 Rd8+ 35. Ke3 Re8 36. Kf4 Rf8 37. Kg3 Ne4+ 38. Kh4 h5 0-1

[Event "Madrid-ch 2008 Semifinal A"]
[Site "Madrid ESP"]
[Date "2008.01.14"]
[Round "4.7"]
[White "Rodriguez Bachiller, Luis"]
[Black "Lopez Heras, Arturo"]
[Result "1-0"]
[WhiteElo "1895"]
[BlackElo "2040"]
[PlyCount "113"]
[EventDate "2008.01.07"]
[EventType "swiss"]
[EventRounds "9"]
[EventCountry "ESP"]
[Source "lmi"]
[SourceDate "2008.01.07"]

1. Nf3 d5 2. c4 c6 3. b3 Nf6 4. Bb2 e6 5. d3 dxc4 6. bxc4 Qb6 7. Qb3 Bb4+ 8.
Nbd2 O-O 9. e3 Nbd7 10. Bc3 Bxc3 11. Qxc3 Qc7 12. Be2 b6 13. d4 c5 14. O-O Bb7
15. Ne5 Rad8 16. Bf3 Nxe5 17. dxe5 Bxf3 18. Nxf3 Ng4 19. h3 Nh6 20. Rfd1 Nf5
21. Qc2 h6 22. Rxd8 Rxd8 23. Rd1 Ne7 24. Rxd8+ Qxd8 25. Kf1 Nc6 26. a3 Qc7 27.
Qc3 Qb7 28. Nd2 Qd7 29. Ke2 Na5 30. Nb3 Nc6 31. f4 Ne7 32. Qd3 Qb7 33. Kf2 Nf5
34. g4 Ne7 35. Nd2 Nc6 36. Qd6 Na5 37. f5 exf5 38. gxf5 Nc6 39. e6 fxe6 40.
Qxe6+ Kf8 41. Ne4 Nd8 42. Qd6+ Qe7 43. Kf3 Qxd6 44. Nxd6 Nc6 45. Ke4 Ke7 46.
Kd5 Kd7 47. Nb5 a6 48. Nc3 Ne7+ 49. Ke4 Kd6 50. h4 Ng8 51. Kf4 Nf6 52. e4 Nd7
53. e5+ Nxe5 54. Ne4+ Kc6 55. Kxe5 b5 56. Nd2 b4 57. a4 1-0

[Event "Madrid-ch 2008 Semifinal A"]
[Site "Madrid ESP"]
[Date "2008.01.14"]
[Round "4.8"]
[White "Vallejo Nuno, Jorge"]
[Black "Camarero Izquierdo, Juan Carlos"]
[Result "1-0"]
[WhiteElo "2022"]
[BlackElo "1985"]
[PlyCount "77"]
[EventDate "2008.01.07"]
[EventType "swiss"]
[EventRounds "9"]
[EventCountry "ESP"]
[Source "lmi"]
[SourceDate "2008.01.07"]

1. b3 e5 2. Bb2 Nc6 3. e3 Nf6 4. Bb5 d6 5. Ne2 a6 6. Bxc6+ bxc6 7. O-O Be7 8.
f4 e4 9. h3 O-O 10. Qe1 Ne8 11. g4 Bh4 12. Qd1 d5 13. f5 h5 14. Nf4 hxg4 15.
hxg4 a5 16. Kg2 Bxf5 17. gxf5 Qg5+ 18. Kh1 Bg3 19. Qe2 Qxf5 20. Qh5 Qxh5+ 21.
Nxh5 Bh4 22. Kg2 g6 23. Nf6+ Nxf6 24. Bxf6 Bxf6 25. Rxf6 Ra6 26. Nc3 Kg7 27.
Raf1 Rb6 28. Na4 Rb4 29. Nc5 Kg8 30. a4 d4 31. c3 dxc3 32. dxc3 Rb6 33. Nd7
Rxb3 34. Nxf8 Rxc3 35. Rxf7 Rxe3 36. Ne6 Rf3 37. Rg7+ Kh8 38. Rh1+ Rh3 39.
Rxh3# 1-0

[Event "Madrid-ch 2008 Semifinal A"]
[Site "Madrid ESP"]
[Date "2008.01.14"]
[Round "4.9"]
[White "Martin Rodriguez, Emilio"]
[Black "Ortega Morales, Pedro"]
[Result "1-0"]
[WhiteElo "2153"]
[BlackElo "1939"]
[PlyCount "164"]
[EventDate "2008.01.07"]
[EventType "swiss"]
[EventRounds "9"]
[EventCountry "ESP"]
[Source "lmi"]
[SourceDate "2008.01.07"]

1. d4 Nf6 2. c4 c5 3. d5 b5 4. Nd2 a6 5. e4 d6 6. Bd3 g6 7. Ngf3 Nbd7 8. O-O
Bg7 9. Re1 Ng4 10. cxb5 Nge5 11. Bf1 O-O 12. a4 axb5 13. Bxb5 Ba6 14. Ra3 Bxb5
15. axb5 Qb6 16. Nxe5 Nxe5 17. Qb3 Rfb8 18. Qg3 c4 19. Qh4 Bf6 20. Qh6 Nd3 21.
Rf1 Bg7 22. Qe3 Qxe3 23. fxe3 Nxc1 24. Nxc4 Ne2+ 25. Kf2 Nd4 26. exd4 Bxd4+ 27.
Ke2 Rxb5 28. Ra2 Rc8 29. Kd3 Bf6 30. Nxd6 Rb3+ 31. Ke2 Rc2+ 32. Kd1 Rcxb2 33.
Rxb2 Rxb2 34. Nc4 Rb4 35. Nd2 Rd4 36. Kc2 Rb4 37. Rb1 Ra4 38. Kd3 Ra2 39. Rc1
Kg7 40. Rc2 Ra3+ 41. Ke2 Ra6 42. Nc4 h5 43. g3 Bd4 44. Kd3 Ba1 45. e5 Kf8 46.
Rc1 Ra7 47. Rb1 Ra8 48. d6 exd6 49. exd6 Bf6 50. Ke4 Ra2 51. h4 Rg2 52. Rb8+
Kg7 53. Rb3 Bd8 54. Kd5 Kf8 55. Re3 Ra2 56. Rb3 Bf6 57. Rb8+ Kg7 58. d7 Rg2 59.
Nd6 Rd2+ 60. Kc6 Rc2+ 61. Kb7 Rb2+ 62. Kc7 Rc2+ 63. Kb7 Rb2+ 64. Kc6 Rc2+ 65.
Kd5 Rd2+ 66. Kc5 Rc2+ 67. Nc4 Rc3 68. Rb6 Be7+ 69. Kd4 Rxg3 70. Ne5 Bxh4 71.
Rb7 Bf6 72. Ke4 Rg1 73. Nxf7 Re1+ 74. Kf3 Rd1 75. Ng5 Kh6 76. Ne6 h4 77. Kg4
Rd6 78. Nc5 Rc6 79. Ne4 Rc4 80. Kf3 Be7 81. Nd6 Rd4 82. Nf7+ Kh5 1-0